Drzewa - jak je znasz? - Statystyki

Ogólne statystyki
  • Ten quiz został rozwiązany 414 razy
  • Średni wynik to 22 z 57
Statystyki odpowiedzi
Obrazkowy Odpowiedź % Poprawnych
Dąb bezszypułkowy
85%
Dąb szypułkowy
85%
Brzoza brodawkowata
84%
Kasztan jadalny
79%
Bez czarny
77%
Klon jawor
76%
Klon zwyczajny
76%
Wiśnia pospolita
76%
Brzoskwinia zwyczajna
75%
Sosna zwyczajna
73%
Grusza pospolita
72%
Jabłoń dzika
71%
Buk zwyczajny
66%
Świerk pospolity
65%
Lipa drobnolistna
62%
Lipa szerokolistna
62%
Cis pospolity
60%
Wiśnia ptasia
60%
Orzech włoski
58%
Orzech czarny
56%
Jodła pospolita
54%
Wierzba biała
48%
Wierzba iwa
48%
Morela zwyczajna
46%
Kasztanowiec pospolity
44%
Śliwa domowa
43%
Leszczyna pospolita
41%
Grab pospolity
39%
Jałowiec pospolity
35%
Pigwa pospolita
35%
Cytryna zwyczajna
34%
Topola biała
33%
Figowiec pospolity
31%
Mandarynka
30%
Olsza czarna
26%
Bukszpan zwyczajny
25%
Miłorząb dwuklapowy
25%
Morwa czarna
24%
Jesion wyniosły
22%
Magnolia naga
18%
Wiąz pospolity
16%
Czeremcha zwyczajna
14%
Oliwka europejska
14%
Dereń jadalny
12%
Bez lilak pospolity
11%
Robinia akacjowa
8%
Rokitnik zwyczajny
8%
Ostrokrzew kolczasty
7%
Sumak garbarski
4%
Trzmielina zwyczajna
4%
Migdałowiec pospolity
2%
Wawrzyn szlachetny
2%
Nektaryna
1%
Oleander pospolity
1%
Melonowiec właściwy
0%
Muszkatołowiec korzenny
0%
Świdośliwa olcholistna
0%
Nie znaleziono quizów pasujących do podanych kryteriów
Rozkład punktacji
Procent ludzi z każdym wynikiem
Percentyl według liczby udzielonych odpowiedzi
Twoja historia wyników
Nie rozwiązałeś tego quizu